LEADER 00566nam 22001811i 4500 001 991004278035707536 005 20230531132616.0 008 230531s1984----it | u001 0 ita 040 $aBibl. Dip.le Aggr. Scienze Economia - Sez. Settore Economico 082 04$a510 100 1 $aLisei, Guido$0374324 245 1 $aAppunti di matematica attuariale /$cGuido Lisei 260 $aGenova :$bBozzi,$c1984 300 $a46 p. ;$c24 cm 650 4$aMatematica attuariale 912 $a991004278035707536 996 $aAppunti di matematica attuariale$93377930 997 $aUNISALENTO LEADER 02721nam 2200517 450 001 9910794704303321 005 20220424125308.0 010 $a1-4744-0147-3 024 7 $a10.1515/9781474401470 035 $a(CKB)4340000000196028 035 $a(MiAaPQ)EBC5012212 035 $a(DE-B1597)616138 035 $a(DE-B1597)9781474401470 035 $a(OCoLC)1312726691 035 $a(EXLCZ)994340000000196028 100 $a20171004h20172017 uy 0 101 0 $aeng 135 $aurcnu|||||||| 181 $2rdacontent 182 $2rdamedia 183 $2rdacarrier 200 10$aIntelligence Arabic /$fJulie C. Manning ; with Elisabeth Kendall 210 1$aEdinburgh, [Scotland] :$cEdinburgh University Press,$d2017. 210 4$d©2017 215 $a1 online resource (249 pages) 225 1 $aEssential Middle Eastern Vocabularies 311 $a1-4744-0146-5 320 $aIncludes bibliographical references and index. 327 $tFrontmatter -- $tCONTENTS -- $tAcknowledgments -- $tUser Guide -- $tIntroduction -- $t1. General -- $t2. Analysis -- $t3. Human Intelligence (HUMINT) -- $t4. Operations -- $t5. Counterintelligence (Cl) -- $t6. Signals Intelligence (SIGINT) -- $t7. Acronyms -- $tSelect Bibliography -- $tIndex 330 $aContains user-friendly lists of Arabic-English intelligence terms with brief definitionsWhat is the Arabic term for ?Double Agent?? How would you say ?Plausible Deniability?? Can you recognise the phrase 'False-flag Recruitment'? Or ?Canary Trap??This short, accessible vocabulary gives you ready-made lists of over 1000 key terms in intelligence Arabic for translating both from and into Arabic and includes brief definitions. It is divided into seven key areas:General termsAnalysisHuman intelligenceOperationsCounterintelligenceSignals intelligenceAcronymsKey featuresPresents a comprehensive list of 1000 intelligence terms searchable in Arabic and English, with brief definitionsTerms are ordered alphabetically in English within each section; an Arabic index eases the search for terms in this language Online audio materials aid learning and help self-assessment 410 0$aEssential Middle Eastern vocabularies. 606 $aArabic language$vTextbooks for foreign speakers$xEnglish 606 $aArabic language$xVocabulary 615 0$aArabic language$xEnglish. 615 0$aArabic language$xVocabulary. 676 $a492.782421 686 $aEN 1740$2rvk 700 $aManning$b Julie C.$01538107 702 $aKendall$b Elisabeth 801 0$bMiAaPQ 801 1$bMiAaPQ 801 2$bMiAaPQ 906 $aBOOK 912 $a9910794704303321 996 $aIntelligence Arabic$93787880 997 $aUNINA LEADER 03791oam 2200745 c 450 001 9910971227303321 005 20260302090207.0 010 $a3-657-78853-0 024 7 $a10.30965/9783657788538 035 $a(CKB)4330000000532830 035 $a(OCoLC)1003047000 035 $a(nllekb)BRILL9783657788538 035 $a(MiAaPQ)EBC6517400 035 $a(Au-PeEL)EBL6517400 035 $a(OCoLC)1243536939 035 $a(Brill | Scho?ningh)9783657788538 035 $a(Brill | Schöningh)9783657788538 035 $a(EXLCZ)994330000000532830 100 $a20260302d2019 uy 0 101 0 $ager 135 $aurun####uuuua 181 $ctxt$2rdacontent 182 $cc$2rdamedia 183 $2rdacarrier 200 10$aKonrad Adenauer ? Der Vater, die Macht und das Erbe$eDas Tagebuch des Monsignore Paul Adenauer 1961?1966$fHanns Jürgen Küsters, Paul Adenauer, Hanns Jürgen Küsters 205 $a1st ed. 210 $aPaderborn$cBrill | Schöningh$d2019 215 $a1 online resource 311 08$a3-506-78853-1 320 $aIncludes bibliographical references and index. 327 $tPreliminary Material /$rHanns Jürgen Küsters --$tVorwort /$rHanns Jürgen Küsters --$tEinführung /$rHanns Jürgen Küsters --$tKonrad Adenauer und Paul Adenauer /$rHanns Jürgen Küsters --$tDas Tagebuch von Paul Adenauer /$rHanns Jürgen Küsters --$tAbkürzungsverzeichnis /$rHanns Jürgen Küsters --$tQuellen- und Literaturverzeichnis /$rHanns Jürgen Küsters --$tNachweis der Abbildungen /$rHanns Jürgen Küsters --$tPersonenregister /$rHanns Jürgen Küsters --$tSachregister /$rHanns Jürgen Küsters. 330 $aDas jüngst erst entdeckte Tagebuch Paul Adenauers gibt neue, unbekannte Einblicke in die Politik seines Vaters Konrad Adenauer in der Endphase seiner Zeit als Kanzler und CDU-Parteivorsitzender.Nach dem Mauerbau und der Bundestagwahl im Jahr 1961 tobt ein heftiger Streit um Adenauers vierte Kanzlerwahl. Sein Sohn beobachtet während dieser Zeit den Vater zu Hause in Rhöndorf. Er beschreibt das Ringen mit Ludwig Erhard als Nachfolger um Kanzleramt und CDU-Parteivorsitz. Damit wird der Sohn zum Zeitzeugen und Chronisten des allmählichen Machtverlustes. Zermürbt vom Zwist mit der FDP, liebäugelt Adenauer mit der SPD; mit der eigenen Partei geht er hart ins Gericht. Wahlen lassen Adenauers Kampfgeist immer wieder aufflackern. Es gilt, Kurs zu halten in den Krisen der europäischen Einigung, in dem Verhältnis zu de Gaulle und dem transatlantischen Streit um die deutsche Atompolitik. Aber auch der gesellschaftliche Wandel und das materialistische Denken treiben ihn um. Adenauers Sorge gilt dem politischen Erbe, das der Gründungskanzler Deutschland hinterlassen will. 606 $aAtomwaffen 606 $aCDU 606 $adeutsch-französische Beziehungen 606 $aeuropäische Einigung 606 $aFDP 606 $aUSA 606 $aKoalitionsbildung 606 $aOst-West-Konflikt 606 $aSowjetunion 606 $atransatlantische Beziehungen 606 $aKirchen 615 4$aAtomwaffen 615 4$aCDU 615 4$adeutsch-französische Beziehungen 615 4$aeuropäische Einigung 615 4$aFDP 615 4$aUSA 615 4$aKoalitionsbildung 615 4$aOst-West-Konflikt 615 4$aSowjetunion 615 4$atransatlantische Beziehungen 615 4$aKirchen 676 $a943.087092 700 $aKüsters$b Hanns Jürgen$4aut$01835983 702 $aAdenauer$b Paul$4aut 702 $aKüsters$b Hanns Jürgen$4edt 801 0$bMiAaPQ 801 1$bMiAaPQ 801 2$bMiAaPQ 906 $aBOOK 912 $a9910971227303321 996 $aKonrad Adenauer - Der Vater, die Macht und das Erbe$94413596 997 $aUNINA